Which US university? - Statistics

General Stats
  • This quiz has been taken 38 times
  • The average score is 19 of 25
Answer Stats
Hint Letter College % Correct
4) The oldest university in the US, foundedin 1636 in Cambridge, MA H Harvard
97%
5) Rival to the above, founded in 1701in New Haven, CT Y Yale
97%
23) Prestigious medical school in Baltimore J Johns Hopkins
92%
12) This university has the largest footballstadium in the country M Michigan
92%
2) Prestigious Ivy League college locatedin a small New Hampshire town D Dartmouth
89%
15) Prestigious technology school located inCambridge, MA M MIT
89%
6) Home to the Tar-heels of Chapel Hill N North Carolina
89%
7) Founded by Thomas Jefferson in 1819 V Virginia
89%
1) Dominant football school coached byNick Saban A Alabama
86%
24) Home to the Fighting Irish of South Bend N Notre Dame
86%
9) Google was founded here by PhDstudents in the 1990s S Stanford
86%
21) Ivy League university in Providence, RI B Brown
84%
25) Also called the State University of NJ R Rutgers
81%
11) Sheldon worked at this research university in the Big Bang Theory C Cal Tech
78%
10) Home to the Buckeyes, a footballpowerhouse school O Ohio State
78%
17) Largest Mormon institute B Brigham Young
76%
3) Often called "The U". Home to the Hurricanes M Miami
76%
13) Home to the Sooners in the city ofNorman O Oklahoma
70%
18) Home to the Red Raiders of Lubbock T Texas Tech
68%
14) The Horned Frogs are the mascotof this school T Texas Christian
59%
20) Home to the Demon Deacons of Winston Salem W Wake Forest
59%
8) Basketball phenom Paige Bueckers attended this university C Connecticut
57%
22) This university holds the most mens basketballtitles U UCLA
51%
16) Dawn Staley coaches the womens basketballteam at this school S South Carolina
49%
19) 2nd oldest university in the US W William and Mary
35%
No matching quizzes found
Score Distribution
Percent of People with Each Score
Percentile by Number Answered
Your Score History
You have not taken this quiz